लोड हो रहा है...

Bharatiya bhashayon se Hindi anuvad ki samasyayem/

ग्रंथसूची विवरण
मुख्य लेखक: Bholanath Tiwari
स्वरूप: Printed Book
प्रकाशित: Delhi: Shabdakar, 1984.
LEADER 00373 a2200109 4500
100 |a Bholanath Tiwari 
245 |a Bharatiya bhashayon se Hindi anuvad ki samasyayem/  |c Bholanath Tiwari 
260 |a Delhi:  |b Shabdakar,  |c 1984. 
300 |a 140p. 
942 |2 ddc  |c BK 
999 |c 237920  |d 237920 
952 |0 0  |1 0  |4 0  |7 0  |9 264178  |a HIN  |b HIN  |c S-1  |d 2011-06-20  |i 13508  |l 0  |p HIN13508  |r 2011-06-20  |w 2014-02-07  |y BK